| 000 | 00446cam a2200181ua 4500 | ||
|---|---|---|---|
| 001 | 5666 | ||
| 008 | 131022n ii |||gr||||Z||||||asm | ||
| 040 | _cMAIN | ||
| 082 | _a954.15 | ||
| 245 | _aTripura Buranji | ||
| 250 | _a2nd ed. | ||
| 260 |
_aGauhati: _bDepartment of Historical and Antiquarian Studies, _c1962. |
||
| 300 | _a99p. | ||
| 653 | _aHistory | ||
| 653 | _aTripura Buranji | ||
| 700 |
_aBhuyan,Surjya Kumar, _eEditor. |
||
| 942 | _cBK | ||
| 999 |
_c4825 _d4825 |
||